| 000 | 00583nam a2200217Ia 4500 | ||
|---|---|---|---|
| 005 | 20250508165603.0 | ||
| 008 | 008 250505s9999 xx 000 0 hin d | ||
| 020 | _a978-93-82381-39-6 | ||
| 037 | _aTextual | ||
| 040 |
_aFEDL _beng _cFEDL |
||
| 041 |
_ahin _2eng |
||
| 084 |
_a707, RAT _qFEDL |
||
| 100 |
_aRathor Kusum Lata _9776058 |
||
| 245 | 0 | _aKala ka adhyapan | |
| 260 |
_aMeerut, India _bVinay Rakheja _c2016 |
||
| 300 | _a173p. | ||
| 365 |
_aINR _b100 |
||
| 546 | _aGifted by Prof. Sadhna Saxena | ||
| 942 |
_cTEXL _h707, RAT |
||
| 999 |
_c1396022 _d1396022 |
||